<?xml version="1.0" encoding="UTF-8"?>
<record
    xmlns:xsi="http://www.w3.org/2001/XMLSchema-instance"
    xsi:schemaLocation="http://www.loc.gov/MARC21/slim http://www.loc.gov/standards/marcxml/schema/MARC21slim.xsd"
    xmlns="http://www.loc.gov/MARC21/slim">

  <leader>03136nam a2200289 i 4500</leader>
  <controlfield tag="001">000029316</controlfield>
  <controlfield tag="003">DO-SdBNP</controlfield>
  <controlfield tag="005">20240416103743.0</controlfield>
  <controlfield tag="007">ta</controlfield>
  <controlfield tag="008">240416s2000    dr            000 0 spa d</controlfield>
  <datafield tag="040" ind1=" " ind2=" ">
    <subfield code="a">DO-SdBNP</subfield>
    <subfield code="b">spa</subfield>
    <subfield code="c">BNPHU</subfield>
    <subfield code="e">rda</subfield>
  </datafield>
  <datafield tag="082" ind1=" " ind2="4">
    <subfield code="b">S471me</subfield>
    <subfield code="2">22</subfield>
    <subfield code="a">305.4</subfield>
  </datafield>
  <datafield tag="110" ind1=" " ind2=" ">
    <subfield code="9">56201</subfield>
  </datafield>
  <datafield tag="111" ind1=" " ind2=" ">
    <subfield code="a">Seminario Latinoamericano de Oficinas de la Mujer </subfield>
    <subfield code="c">Santo Domingo</subfield>
    <subfield code="d">(6-8 abr., 1999)</subfield>
    <subfield code="9">85253</subfield>
  </datafield>
  <datafield tag="245" ind1="0" ind2="3">
    <subfield code="a">Memorias</subfield>
  </datafield>
  <datafield tag="264" ind1=" " ind2=" ">
    <subfield code="a">Santo Domingo :</subfield>
    <subfield code="b">Secretaria de estado de la Mujer,</subfield>
    <subfield code="c">2000.</subfield>
  </datafield>
  <datafield tag="300" ind1=" " ind2=" ">
    <subfield code="a">164 p&#xE1;ginas :</subfield>
    <subfield code="b">ilustraciones ;</subfield>
    <subfield code="c">24 cm.</subfield>
  </datafield>
  <datafield tag="336" ind1=" " ind2=" ">
    <subfield code="2">rdacontent</subfield>
    <subfield code="a">texto</subfield>
    <subfield code="b">txt</subfield>
  </datafield>
  <datafield tag="337" ind1=" " ind2=" ">
    <subfield code="2">rdamedia</subfield>
    <subfield code="a">sin mediaci&#xF3;n</subfield>
    <subfield code="b">nc</subfield>
  </datafield>
  <datafield tag="338" ind1=" " ind2=" ">
    <subfield code="2">rdacarrier</subfield>
    <subfield code="a">volumen</subfield>
    <subfield code="b">n</subfield>
  </datafield>
  <datafield tag="505" ind1=" " ind2=" ">
    <subfield code="a">Papel y funciones de las Oficinas de la Mujer en el contexto de la modernizaci&#xF3;n y reforma del Estado / Elvira Caro 13|Institucionalizaci&#xF3;n del enfoque de equidad de g&#xE9;nero en las pol&#xED;ticas p&#xFA;blicas, condicionantes y potencialidades desde el Estado / Sonia Monta&#xF1;o Virreira 33|Institucionalizaci&#xF3;n de pol&#xED;ticas p&#xFA;blicas para la equidad de g&#xE9;nero en Am&#xE9;rica Latina y el Caribe / Belkys Mones 41|Institucionalizaci&#xF3;n del enfoque de equidad de g&#xE9;nero en las pol&#xED;ticas econ&#xF3;micas y sociales: la experiencia de Chile / Natacha Molina Garc&#xED;a 51|Institucionalizaci&#xF3;n del enfoque de equidad de g&#xE9;nero en las pol&#xED;ticas econ&#xF3;micas y sociales: la experiencia de Colombia / Gladys Cifuentes Aranz&#xE1;zu 61|Institucionalizaci&#xF3;n del enfoque de equidad de g&#xE9;nero en las pol&#xED;ticas econ&#xF3;micas y sociales: la experiencia de Nicaragua / Rosa Argentina L&#xF3;pez Prado 67|Institucionalizaci&#xF3;n del enfoque de equidad de g&#xE9;nero en las pol&#xED;ticas econ&#xF3;micas y sociales: la experiencia de Paraguay / Heyd&#xE9;e Carmagnola 73|Institucionalizaci&#xF3;n del enfoque de equidad de g&#xE9;nero en las pol&#xED;ticas econ&#xF3;micas y sociales: la experiencia de Argentina / Teresa Gonz&#xE1;lez de Solac 79|Institucionalizaci&#xF3;n del enfoque de g&#xE9;nero en las pol&#xED;ticas econ&#xF3;micas y sociales: la experiencia de Panam&#xE1; / Urania Ungo 83|Institucionalizaci&#xF3;n del enfoque de equidad de g&#xE9;nero en las pol&#xED;ticas econ&#xF3;micas y sociales: la experiencia de Cuba / Nieves Alemany Aguilera 89|Los medios de comunicaci&#xF3;n de masas, el cambio cultural y el conocimiento. C&#xF3;mo estar en los medios sin perdernos / Sara Lovera 93|Estrategias para la producci&#xF3;n de cambios culturales de equidad de g&#xE9;nero a trav&#xE9;s de los medios de comunicaci&#xF3;n / Concepci&#xF3;n Dancausa 101|Oficinas gubernamentales de la mujer y movimiento de mujeres; experiencias de articulaci&#xF3;n y relacionamiento con miras al impulso de pol&#xED;ticas p&#xFA;blicas de equidad de g&#xE9;nero / Sandra Samaniego 107|Los procesos nacionales en torno a Beijing: la coordinadora. Relacionamiento Estado-movimiento de mujeres, de avances, obst&#xE1;culo y estrategias / Lusitania Mart&#xED;nez 117|Relaciones de la Direcci&#xF3;n General de Promoci&#xF3;n de la Mujer con el movimiento de mujeres en nuestro pa&#xED;s / Sergia Galv&#xE1;n 123</subfield>
  </datafield>
  <datafield tag="590" ind1=" " ind2=" ">
    <subfield code="a">Inventariado, 2024/DG</subfield>
  </datafield>
  <datafield tag="650" ind1=" " ind2="4">
    <subfield code="a">Derechos de la mujer</subfield>
    <subfield code="x">Am&#xE9;rica Latina</subfield>
    <subfield code="9">85254</subfield>
  </datafield>
  <datafield tag="650" ind1=" " ind2="4">
    <subfield code="a">Mujeres</subfield>
    <subfield code="x">Salud e higiene</subfield>
    <subfield code="z">Am&#xE9;rica Latina</subfield>
    <subfield code="9">85255</subfield>
  </datafield>
  <datafield tag="910" ind1=" " ind2=" ">
    <subfield code="a">DG</subfield>
  </datafield>
  <datafield tag="942" ind1=" " ind2=" ">
    <subfield code="2">ddc</subfield>
    <subfield code="c">LBS1</subfield>
  </datafield>
  <datafield tag="952" ind1=" " ind2=" ">
    <subfield code="0">0</subfield>
    <subfield code="1">0</subfield>
    <subfield code="2">ddc</subfield>
    <subfield code="5">1</subfield>
    <subfield code="7">0</subfield>
    <subfield code="8">PD</subfield>
    <subfield code="a">BNPHU</subfield>
    <subfield code="b">BNPHU</subfield>
    <subfield code="c">CT</subfield>
    <subfield code="d">2024-04-16</subfield>
    <subfield code="e">donaci&#xF3;n</subfield>
    <subfield code="l">0</subfield>
    <subfield code="o">BNPHU PD 305.4 S471me</subfield>
    <subfield code="p">2024-2287</subfield>
    <subfield code="r">2024-04-16</subfield>
    <subfield code="w">2024-04-16</subfield>
    <subfield code="y">LBS1</subfield>
  </datafield>
  <datafield tag="999" ind1=" " ind2=" ">
    <subfield code="c">56425</subfield>
    <subfield code="d">56425</subfield>
  </datafield>
</record>
